Research programme, 1973-1975

Bibliographic Details
Corporate Authors: FOREST Research Institute, Institut Penyelidikan Perhutanan Malaysia (FRIM)
Format: Book
Published: Kuala Lumpur : Forestry Department Peninsular Malaysia , 1973
Series:Research pamphlet ; no. 63
Subjects:

MARC

LEADER 00000cam a2200000 7i4500
001 0000002988
005 20040330.0
090 0 0 |a RP 634.9   |b FRI 1973 
110 1 0 |a FOREST Research Institute 
245 1 0 |a Research programme, 1973-1975 
260 0 0 |a Kuala Lumpur :   |b Forestry Department Peninsular Malaysia ,   |c 1973 
300 |a vii, 63 p. ;   |c 34 cm. 
440 0 0 |a Research pamphlet ; no. 63 
650 0 0 |a Forests and forestry 
710 1 1 |a Institut Penyelidikan Perhutanan Malaysia (FRIM) 
998 |a JPSM 
999 |a 0000005281   |b Monograph   |c Open Shelf   |e Default branch 
999 |a 0000005282   |b Monograph   |c Open Shelf   |e Default branch